|
|
|
|
| LEADER |
01286nam a22003378i 4500 |
| 001 |
34421 |
| 003 |
BD-DhAAL |
| 005 |
20211129104721.0 |
| 008 |
190327t2019 enk b 001 0 eng |
| 999 |
|
|
|c 40561
|d 40561
|
| 010 |
|
|
|a 2018021996
|
| 020 |
|
|
|a 9781138783553 (pbk.)
|
| 020 |
|
|
|a 9781138783546 (hardback)
|
| 020 |
|
|
|z 9781315768632 (ebook)
|
| 040 |
|
|
|a DLC
|b eng
|c DLC
|e rda
|d BD-DhAAL
|
| 042 |
|
|
|a pcc
|
| 050 |
0 |
0 |
|a HF5657.4
|b .A43 2019
|
| 082 |
0 |
0 |
|a 658.1511
|2 23
|
| 100 |
1 |
|
|a Alawattage, Chandana
|9 30681
|
| 245 |
1 |
0 |
|a Strategizing management accounting :
|b liberal origins and neoliberal trends /
|c Chandana Alawattage and Danture Wickramasinghe.
|
| 260 |
|
|
|a Abingdon, Oxon ;
|a New York, NY :
|b Routledge,
|c c2019.
|
| 300 |
|
|
|a xxxi, 404 pages :
|b illustrations ;
|c 25 cm.
|
| 504 |
|
|
|a Includes bibliographical references and index.
|
| 526 |
|
|
|a BBS
|
| 541 |
|
|
|a Parama
|e 34421
|
| 650 |
|
0 |
|a Managerial accounting.
|9 30682
|
| 650 |
|
0 |
|a Business & finance.
|9 43296
|
| 700 |
1 |
|
|a Wickramasinghe, Danture
|9 30683
|
| 852 |
|
|
|a Ayesha Abed Library
|c General Stacks
|
| 942 |
|
|
|2 ddc
|c BK
|
| 952 |
|
|
|0 0
|1 0
|2 ddc
|4 0
|6 658_151100000000000_ALA
|7 0
|9 65179
|a BRACUL
|b BRACUL
|c GEN
|d 2019-02-26
|e Parama
|g 3194.29
|l 1
|o 658.1511 ALA
|p 3010034421
|r 2019-09-30
|s 2019-09-26
|t 1
|v 3194.29
|w 2019-02-26
|y BK
|